| 000 | 00509nam a2200109Ia 4500 | ||
|---|---|---|---|
| 008 | 171204s9999 xx 000 0 und d | ||
| 245 | _aAssessment in Mathematics Education: Large-Scale Assessment and Classroom Assessment | ||
| 245 | _cChristine Suurtamm, Denisse R. Thompson, Edward Silver, Leonora Diaz Moreno, Nathalie Sayac, Rae Young Kim, Stanislaw Schukajlow, and Stefan Ufe | ||
| 260 | _c2016 | ||
| 650 | _xField Study 4: Exploring the Curriculum | ||
| 856 | _uhttp://down.ebook777.com/037/3319323938.pdf | ||
| 999 |
_c345826 _d345826 |
||